| 000 | 00399nam a22001337a 4500 | ||
|---|---|---|---|
| 020 | _a0470363053 | ||
| 082 | _a301.363 CIT | ||
| 245 | _aThe city in Comparative Perspective: cross National Reseach and new Directions in Theory | ||
| 260 |
_aNew York _bJohn & Sons _c1976 |
||
| 300 |
_a317p. _bill,; 23cm. |
||
| 500 | _aInclude reference | ||
| 700 | _aWALTON, john and MASSOTTI, Louis H. | ||
| 942 | _cBK | ||
| 999 |
_c12946 _d12946 |
||